000 00502 a2200157 4500
020 _a8178085402
040 _aDLC
082 _a004.019
100 _aCarroll, John M. (John Millar).
245 _aHuman computer interaction in the new millennium
_cJohn M. Carroll
260 _aNew Delhi, India. :
_bWiley Pub.,
_c2002.
300 _axxxvii, 703 p. :
_bill. ;
_c25 cm.
500 _aIncludes bibliographical references and index
650 _aHuman-computer interaction.
942 _cBK
_k004.019 CAR
_2ddc
999 _c5403
_d5403